Countries that Don't Recognize Kosovo - Statistics

General Stats
  • This quiz has been taken 184 times
  • The average score is 64 of 89
Answer Stats
Answer % Correct
Serbia
94%
Russia
93%
China
91%
Iran
88%
Iraq
86%
Brazil
85%
India
85%
North Korea
84%
Armenia
83%
Kazakhstan
82%
Argentina
81%
Azerbaijan
80%
Algeria
79%
Democratic Republic of the Congo
79%
Georgia
79%
Belarus
78%
Laos
78%
Mexico
78%
Paraguay
78%
Uzbekistan
78%
Venezuela
78%
Cuba
77%
Greece
77%
Kyrgyzstan
77%
Cambodia
76%
Chile
76%
Ethiopia
76%
Myanmar
76%
Syria
76%
Tajikistan
76%
Ukraine
76%
Angola
75%
Bhutan
75%
Bosnia and Herzegovina
75%
Eritrea
75%
Nigeria
75%
Sudan
75%
Turkmenistan
75%
Uruguay
75%
Vietnam
75%
Bolivia
74%
Indonesia
74%
South Sudan
74%
Kenya
73%
South Africa
73%
Lebanon
72%
Mali
72%
Moldova
72%
Zambia
72%
Morocco
71%
Romania
71%
Zimbabwe
71%
Burundi
70%
Ecuador
70%
Nepal
70%
Rwanda
70%
Ghana
69%
Mozambique
69%
Nicaragua
69%
Seychelles
68%
Tunisia
68%
Central African Republic
67%
Mongolia
67%
Togo
67%
Cyprus
66%
Guatemala
66%
Namibia
66%
Uganda
66%
Bahamas
65%
Botswana
65%
Cameroon
65%
Mauritius
65%
Dominica
64%
Equatorial Guinea
64%
Madagascar
64%
Saint Vincent and the Grenadines
64%
Spain
64%
Papua New Guinea
63%
Grenada
62%
Nauru
62%
Cape Verde
60%
Jamaica
60%
Philippines
60%
Sao Tome and Principe
60%
Slovakia
60%
Trinidad and Tobago
60%
Sri Lanka
59%
Sierra Leone
57%
Solomon Islands
54%
No matching quizzes found
Score Distribution
Percent of People with Each Score
Percentile by Number Answered
Your Score History
You have not taken this quiz